000 00715nam a2200241Ii 4500
003 JO-AjNU
005 20240810074856.0
008 230605s9999||||xx |||||||||||||| ||und||
017 _a2004/6/1388
040 _aJO-AjNU
_bara
_erda
_cJO-AjNU
041 _aara
050 1 4 _aTL 149. A35 2005
100 3 _aاحمد، عبدالفتاح حسن,
_eauthor
_913743
245 0 0 _aتشخيص السيارات
250 _aط1
264 3 1 _aعمان:مكتبة المجتمع العربي، 2005
300 _a235ص
336 _atext
_btxt
_2rdacontent
337 _aunmediated
_bn
_2rdamedia
338 _avolume
_bnc
_2rdacarrier
650 4 _aالسيارات-خدمات السيارات
_913744
942 _2lcc
_cBK
999 _c7068
_d7068